Objektovo orientovaný návrh informačného systému : Diplomová práca

Saved in:
Bibliographic Details
Main Author: Turňa, Michal (Author)
Other Authors: Urban, Jozef (xxx)
Format: Manuscript Book
Language:Slovak
Published: Trnava : STU v Bratislave MtF KMK, 2000
Subjects:
Tags: Add Tag
No Tags, Be the first to tag this record!

MARC

LEADER 00000ntm a22000003a 4500
001 stu80077
005 20160719154933.6
008 030326s2000----xo------------------slo-d
040 |a STU  |b slo 
041 0 |a slo 
044 |a xo 
100 1 |a Turňa, Michal  |4 aut 
245 1 |a Objektovo orientovaný návrh informačného systému :  |b Diplomová práca 
260 |a Trnava :  |b STU v Bratislave MtF KMK,  |c 2000 
300 |a 99 s  |c abstr. 
650 7 |a informačné systémy  |2 stusub 
650 7 |a objektové modelovanie  |2 stusub 
650 7 |a manažment priemyselných podnikov  |2 stusub 
700 1 |a Urban, Jozef  |4 xxx